00940cam a2200265 a 45000010008000000030004000080050017000120080041000290100017000700400013000870430021001000820015001211000022001362450106001582600057002643000021003214900039003425000021003815040056004026500014004586500046004726510046005186510046005648300064006104862077OSt20230703140746.0911017s1980 gr b 001 0 eng  a 91206072  aDLCcDLC an-us---aa-tu---00a351.1bALV1 aAlvarez, David J.10aBureaucracy and Cold War diplomacy :bthe United States and Turkey, 1943-1946 /cby David J. Alvarez. aThessaloniki :bInstitute for Balkan Studies,c1980. a147 p. ;c24 cm.1 aInstitute of Balkan Studies ;v190 aErrata inserted. aIncludes bibliographical references (p. [112]-142). 0aCold War. 0aWorld War, 1939-1945xDiplomatic history. 0aUnited StatesxForeign relationszTurkey. 0aTurkeyxForeign relationszUnited States. 0aHidryma Meletò„n Chersonè„sou tou Haimou (Series) ;v190.